La pareja y la adquisición de derechos en el metaverso y la realidad virtual : análisis psicológico y jurídico /

Salvato in:
Dettagli Bibliografici
Autore principale: López Rendón, Sonia (Autore)
Natura: Elettronico eBook
Lingua:spagnolo
Pubblicazione: Bogotá, D.C., Colombia : Grupo Editorial Ibáñez, [2025]
Soggetti:
Accesso online:Digitalia Hispánica
Tags: Aggiungi Tag
Nessun Tag, puoi essere il primo ad aggiungerne!!

MARC

LEADER 00000nam a2200000 i 4500
001 DIGIBANEZ0128
003 NyNyDIG
007 cr |||||||||||
008 260519s2025 ck ob 000 0 spa d
006 m o d
035 |a (OCoLC)1569894627 
040 |a DGITA  |b eng  |e rda  |e pn  |c DGITA 
020 |a 9789585024533  |q e-book 
020 |z 9789585024519  |q físico 
050 1 4 |a K564.C6 ebook 
100 1 |a López Rendón, Sonia,  |e author. 
245 1 3 |a La pareja y la adquisición de derechos en el metaverso y la realidad virtual :  |b análisis psicológico y jurídico /  |c Sonia López Rendón. 
264 1 |a Bogotá, D.C., Colombia :  |b Grupo Editorial Ibáñez,  |c [2025] 
300 |a 1 online resource. 
336 |a text  |b txt  |2 rdacontent 
337 |a computer  |b c  |2 rdamedia 
338 |a online resource  |b cr  |2 rdacarrier 
347 |a text file  |2 rdaft 
347 |b PDF 
504 |a Includes bibliographical references. 
588 0 |a Online resource; title from PDF title page (Digitalia, viewed May 19, 2026) 
650 0 |a Shared virtual environments  |x Law and legislation. 
650 0 |a Shared virtual environments  |x Social aspects. 
650 0 |a Interpersonal relations  |x Technological innovations. 
650 0 |a Domestic relations. 
791 2 |a Digitalia (Firm),  |e distributor. 
793 0 |g Digitalia eBook Collection:  |a Grupo Editorial Ibáñez 
776 0 8 |i Print version:  |a López Rendón, Sonia.  |t Pareja y la adquisición de derechos en el metaverso y la realidad virtual.  |d Bogotá, D.C., Colombia : Grupo Editorial Ibáñez, [2025]  |z 9789585024519 
856 4 0 |3 Digitalia Hispánica  |u https://digitalia.unach.elogim.com/a/183128/ 
910 |a Premium collection: 2026